« Retourner aux résultats de recherche
Level 26
| Auteur principal: | Anthony E. Zuiker |
|---|---|
| D'autres auteurs: | Duane Swierczynski Pascal Loubet |
| Support: | Livres |
| Langue: | Francais |
| Genre: |
Roman Policier |
| Sujets: | |
| Étiquettes: |
Ajouter
Pas de Tags !
|
| LEADER | 00988nam0a2200205 450 | ||
|---|---|---|---|
| 001 | 16848408 | ||
| 010 | |a 978-2-7499-1317-9 |b Br. |d 19,5 | ||
| 100 | |a 20101222d2010 u u0frey01 ba | ||
| 101 | 1 | |a fre |c eng | |
| 102 | |a FR | ||
| 200 | 0 | |a Level 26 |f Anthony E. Zuiker |g avec la collaboration de Duane Swierczynski - traduit de l'anglais (Etats-Unis) par Pascal Loubet | |
| 207 | 1 | |a | |
| 215 | |a 363 p. |c illustrations en noir et blanc |d 24 x 16 cm | ||
| 330 | |a Après la mort de la femme qu'il aimait, Steve Dark se sent investi d'une mission. Qu'il devra accomplir seul. Sans aucune autorité pour l'aider ni le contrôler... Suite d'un roman policier d'un nouveau genre qui se lit aussi sur Internet. | ||
| 700 | 0 | |a Zuiker |b Anthony E. |4 70 | |
| 702 | 0 | |a Swierczynski |b Duane |4 205 | |
| 702 | 0 | |a Loubet |b Pascal |f 1958-.... |4 730 | |
| 900 | |a Roman Policier | ||
| 901 | |a Accessible au prêt | ||
| 995 | |a Bibliothèque |c Bibliothèque |f 00156007464357 |h 00156007464357 |k RP ZUI 2 |o p |q a |r az |e Bibliothèque | ||
